000 00815nab a2200241 u 4500
001 10329
003 HDC
007 cr bn ---aaaaa
008 210204c9999 |r|nos 0 a eng d
040 _aHDC
110 _aThe Malay Mail Online
245 0 _aGovernment auditing diversified - now includes halal and non-halal foods
260 _a[no place] :
_b[publisher not identified],
_c[no year]
336 _atext
_2rdacontent
337 _acomputer
_2rdamedia
338 _aonline resource
_2rdacarrier
650 _aHalal food
_950
650 _anon-halal food
_910568
856 _zRequest full-text at [email protected]
942 _2lcc
942 _cNEWS
942 _kNWSO 000161
999 _c7652
_d7652